01450nam a2200337Ia 4500001001200000003000800012006001900020007001500039008004100054010001700095020004200112040002100154035002100175050002400196082001800220100002200238245012500260260003300385300002500418490006300443504005100506533015200557610005500709650004600764650004900810655002900859710001700888830006400905856012600969999001701095ebr10419826CaPaEBRm u cr cn|||||||||100524s2010 maua sb 001 0 eng d z 2010021648 z9789004187269 (hardback : alk. paper) aCaPaEBRcCaPaEBR a(OCoLC)66823216614aKD8286b.S34 2010eb04a347.42/052221 aScheffer, Thomas.10aAdversarial case-makingh[electronic resource] :ban ethnography of English Crown Court procedure /cby Thomas Scheffer. aDanvers, MA :bBrill,c2010. axlii, 283 p. :bill.1 aInternational studies in sociology and social anthropology aIncludes bibliographical references and index. aElectronic reproduction.bPalo Alto, Calif. :cebrary,d2011.nAvailable via World Wide Web.nAccess may be limited to ebrary affiliated libraries.10aGreat Britain.bCrown CourtxSociological aspects. 0aCriminal courtsxSocial aspectszEngland. 0aCriminal procedurexSocial aspectszEngland. 7aElectronic books.2local2 aebrary, Inc. 0aInternational studies in sociology and social anthropology.40uhttp://site.ebrary.com/lib/rucke/Doc?id=10419826zAn electronic book accessible through the World Wide Web; click to view c83191d83191